000 00205 a2200097 4500
001 11660
090 _c8970
_d8970
100 _aJanes
245 _aJane's unmanned aerial vehicles & targets.
260 _bJanes
_c1996
942 _aNUST-CAE
999 _c246733
_d246733